| 000 | nam a22 7a 4500 | ||
|---|---|---|---|
| 999 |
_c8824 _d8824 |
||
| 005 | 20200310034705.0 | ||
| 008 | 200310b xxu||||| |||| 00| 0 eng d | ||
| 020 |
_a9781784049713 _bhard bound |
||
| 040 |
_beng _cAPEC Schools Library _erda |
||
| 082 |
_aC 005.54 _bAs788e 2015 |
||
| 100 | _aArthur, Ewan | ||
| 245 |
_aExcel made easy / _cEwan Arthur |
||
| 264 |
_aLondon, England : _bArcturus, _c©2015. |
||
| 300 |
_a112 pages : _bcolored illustrations ; |
||
| 336 |
_2rdacontent _atext |
||
| 337 |
_2rdamedia _aunmediated |
||
| 338 |
_2rdacarrier _avolume |
||
| 504 | _aIncludes index. | ||
| 650 | _aMicrosoft Excel (Computer file). | ||
| 650 | _aElectronic spreadsheets. | ||
| 942 |
_2ddc _cNFIC |
||